Report of Council 1909 (Record no. 99766)

MARC details
000 -LEADER
fixed length control field 00827cam a22002055a 4500
001 - CONTROL NUMBER
control field ##J100708
008 - FIXED-LENGTH DATA ELEMENTS--GENERAL INFORMATION
fixed length control field 000000s1909 000 0 eng u
035 ## - SYSTEM CONTROL NUMBER
System control number (Sirsi) u100708
041 o# - LANGUAGE CODE
Language code of text/sound track or separate title eng
050 04 - LIBRARY OF CONGRESS CALL NUMBER
Classification number 693.54 $2 18
100 1# - MAIN ENTRY--PERSONAL NAME
Personal name Kahn, Moritz
245 00 - TITLE STATEMENT
Title Report of Council 1909
Remainder of title and paper on reinforced concrete, design, qualities and practice
-- with discussion
260 ## - PUBLICATION, DISTRIBUTION, ETC.
Place of publication, distribution, etc. London
Name of publisher, distributor, etc. Quantity Surveyors' Association
Date of publication, distribution, etc. 1909
300 ## - PHYSICAL DESCRIPTION
Extent 80p.
Other physical details ill
Dimensions 21cm.
520 ## - SUMMARY, ETC.
Summary, etc. Includes a summary of the annual general meeting held on 28 May 1909; and an ordinary general meeting held in April 1909, where the subject of reinforced concrete construction was the central discussion.
651 #4 - SUBJECT ADDED ENTRY--GEOGRAPHIC NAME
Geographic name Great Britain
Chronological subdivision 1707-
690 ## - LOCAL SUBJECT ADDED ENTRY--TOPICAL TERM (OCLC, RLIN)
Topical term or geographic name as entry element Quantity surveying
9 (RLIN) 6263
710 2# - ADDED ENTRY--CORPORATE NAME
Corporate name or jurisdiction name as entry element Quantity Surveyors' Association
9 (RLIN) 3787
942 ## - ADDED ENTRY ELEMENTS (KOHA)
Suppress in OPAC 0
Holdings
Withdrawn status Lost status Source of classification or shelving scheme Damaged status Not for loan Home library Current library Shelving location Date acquired Total Checkouts Full call number Barcode Date last seen Copy number Price effective from Koha item type
    Dewey Decimal Classification     Historic collection Historic collection RICS Boxes 21/10/1999   RICS 1909/2 30059607 06/08/2019 1 06/08/2019 Archive